000 01081cam a22003257a 4500
003 CHAP
005 20220329133009.0
008 971013s1988 r 00010 d
010 _a1088
011 _a2060
035 _a1249
040 _cCHAP
082 _a507.2
_bS2
100 0 0 _aSchmelkes, Corina.
_9103037
245 0 _aManual para la presentación de anteproyectos e informes de investigación (tesis)
260 _aMéxico, D. F. :
_bHarla,
_c1988
300 _a214 p.
490 0 _aTextos universitarios en ciencias sociales
590 _aBATCH-UPD
_b10
_c20130110
_lUCH01
_h1021
590 _aBATCH-UPD
_b10
_c20130410
_lUCH01
_h0626
590 _aBATCH-UPD
_b10
_c20130914
_lUCH01
_h1653
590 _aCONVERSION
_b10
_c20130109
_lUCH01
_h1302
650 1 4 _aInvestigación
_xMetodología.
_960237
650 1 4 _aTesis.
_9112464
650 1 4 _aTrabajos científicos
_xElaboración.
_9114562
830 0 _aTextos universitarios en ciencias sociales
_9112582
901 _aBK
942 _cLIBRO
949 _a507.2 S2
_bBC
_cLIBRO
_d-10713
_eLIBRO
_gI. c/e
_h78830
_i1249
_si
_t33.90
999 _c1088
_d1088